Information Security and Cryptology -- ICISC 2013 16th International Conference, Seoul, Korea, November 27-29, 2013, Revised Selected Papers /

This book constitutes the thoroughly refereed post-conference proceedings of the 16th International Conference on Information Security and Cryptology, ICISC 2013, held in Seoul, Korea in November 2013. The 31 revised full papers presented together with 2 invited talks were carefully selected from 12...

Πλήρης περιγραφή

Λεπτομέρειες βιβλιογραφικής εγγραφής
Συγγραφή απο Οργανισμό/Αρχή: SpringerLink (Online service)
Άλλοι συγγραφείς: Lee, Hyang-Sook (Επιμελητής έκδοσης), Han, Dong-Guk (Επιμελητής έκδοσης)
Μορφή: Ηλεκτρονική πηγή Ηλ. βιβλίο
Γλώσσα:English
Έκδοση: Cham : Springer International Publishing : Imprint: Springer, 2014.
Σειρά:Lecture Notes in Computer Science, 8565
Θέματα:
Διαθέσιμο Online:Full Text via HEAL-Link
LEADER 02974nam a22005175i 4500
001 978-3-319-12160-4
003 DE-He213
005 20151204191114.0
007 cr nn 008mamaa
008 141018s2014 gw | s |||| 0|eng d
020 |a 9783319121604  |9 978-3-319-12160-4 
024 7 |a 10.1007/978-3-319-12160-4  |2 doi 
040 |d GrThAP 
050 4 |a QA76.9.A25 
072 7 |a UR  |2 bicssc 
072 7 |a UTN  |2 bicssc 
072 7 |a COM053000  |2 bisacsh 
082 0 4 |a 005.8  |2 23 
245 1 0 |a Information Security and Cryptology -- ICISC 2013  |h [electronic resource] :  |b 16th International Conference, Seoul, Korea, November 27-29, 2013, Revised Selected Papers /  |c edited by Hyang-Sook Lee, Dong-Guk Han. 
264 1 |a Cham :  |b Springer International Publishing :  |b Imprint: Springer,  |c 2014. 
300 |a XIII, 538 p. 94 illus.  |b online resource. 
336 |a text  |b txt  |2 rdacontent 
337 |a computer  |b c  |2 rdamedia 
338 |a online resource  |b cr  |2 rdacarrier 
347 |a text file  |b PDF  |2 rda 
490 1 |a Lecture Notes in Computer Science,  |x 0302-9743 ;  |v 8565 
505 0 |a Secure multiparty computation -- Proxy re-encryption -- Side channel analysis and its countermeasures -- Cryptanalysis -- Embedded system security and its implementation -- Primitives for cryptography -- Digital signature -- Security protocol -- Cyber security.- Public key cryptography. 
520 |a This book constitutes the thoroughly refereed post-conference proceedings of the 16th International Conference on Information Security and Cryptology, ICISC 2013, held in Seoul, Korea in November 2013. The 31 revised full papers presented together with 2 invited talks were carefully selected from 126 submissions during two rounds of reviewing. The papers provide the latest results in research, development and applications in the field of information security and cryptology. They are organized in topical sections on secure multiparty computation, proxy re-encryption, side channel analysis and its countermeasures, cryptanalysis, embedded system security and its implementation, primitives for cryptography, digital signature, security protocol, cyber security, and public key cryptography. 
650 0 |a Computer science. 
650 0 |a Computer security. 
650 0 |a Data encryption (Computer science). 
650 0 |a Management information systems. 
650 1 4 |a Computer Science. 
650 2 4 |a Systems and Data Security. 
650 2 4 |a Data Encryption. 
650 2 4 |a Management of Computing and Information Systems. 
700 1 |a Lee, Hyang-Sook.  |e editor. 
700 1 |a Han, Dong-Guk.  |e editor. 
710 2 |a SpringerLink (Online service) 
773 0 |t Springer eBooks 
776 0 8 |i Printed edition:  |z 9783319121598 
830 0 |a Lecture Notes in Computer Science,  |x 0302-9743 ;  |v 8565 
856 4 0 |u http://dx.doi.org/10.1007/978-3-319-12160-4  |z Full Text via HEAL-Link 
912 |a ZDB-2-SCS 
912 |a ZDB-2-LNC 
950 |a Computer Science (Springer-11645)